Sociology of disasters: contribution of sociology to disaster research
| Otros Autores: | |
|---|---|
| Tipo de documento: | Print Libro |
| Lenguaje: | Inglés |
| Publicado: |
Milano
Angeli
1987
|
| En: |
Collana dell'Istituto di Sociologia Internazionale Gorizia (11)
Año: 1987 |
| Disponibilidad en Tübingen: | Disponible en Tübingen. UB: KB 18 A 4243 |
| Verificar disponibilidad: | HBZ Gateway |
| Servicio de pedido Subito: | Pedir ahora. |
| Palabras clave: |
MARC
| LEADER | 00000cam a2200000 c 4500 | ||
|---|---|---|---|
| 001 | 274850087 | ||
| 003 | DE-627 | ||
| 005 | 20220830184650.0 | ||
| 007 | tu | ||
| 008 | 881110s1987 xx ||||| 00| ||eng c | ||
| 020 | |a 8820422670 |9 88-204-2267-0 | ||
| 035 | |a (DE-627)274850087 | ||
| 035 | |a (DE-576)016654269 | ||
| 035 | |a (DE-599)GBV274850087 | ||
| 035 | |a (OCoLC)246897076 | ||
| 035 | |a (OCoLC)21934259 | ||
| 035 | |a (DE-604)8041170121 | ||
| 040 | |a DE-627 |b ger |c DE-627 |e rakwb | ||
| 041 | |a eng | ||
| 084 | |a MS 1180 |2 rvk |0 (DE-625)rvk/123553: | ||
| 245 | 0 | 0 | |a Sociology of disasters |b contribution of sociology to disaster research |c ed. Russell R. Dynes ... |
| 264 | 1 | |a Milano |b Angeli |c 1987 | |
| 300 | |a 457 S. |b graph. Darst | ||
| 336 | |a Text |b txt |2 rdacontent | ||
| 337 | |a ohne Hilfsmittel zu benutzen |b n |2 rdamedia | ||
| 338 | |a Band |b nc |2 rdacarrier | ||
| 490 | 1 | |a Collana dell'Istituto di Sociologia Internazionale - Gorizia |v 11 | |
| 655 | 7 | |a Aufsatzsammlung |0 (DE-588)4143413-4 |0 (DE-627)105605727 |0 (DE-576)209726091 |2 gnd-content | |
| 689 | 0 | 0 | |d s |0 (DE-588)4029929-6 |0 (DE-627)104774789 |0 (DE-576)208984887 |a Katastrophe |2 gnd |
| 689 | 0 | 1 | |d s |0 (DE-588)4077624-4 |0 (DE-627)104152036 |0 (DE-576)209205849 |a Soziologie |2 gnd |
| 689 | 0 | |5 (DE-627) | |
| 700 | 1 | |a Dynes, Russell R. |e Hrsg. |4 edt | |
| 810 | 2 | |a Istituto di Sociologia Internazionale |g Görz |t Collana dell'Istituto di Sociologia Internazionale Gorizia |v 11 |9 11 |w (DE-627)670215414 |w (DE-576)016654153 |w (DE-600)2632371-0 |7 am | |
| 935 | |i Blocktest | ||
| 936 | r | v | |a MS 1180 |b Industriegesellschaft |k Soziologie |k Spezielle Soziologien |k Gesamtgesellschaften |k Industriegesellschaft |0 (DE-627)1271440172 |0 (DE-625)rvk/123553: |0 (DE-576)201440172 |
| 951 | |a BO | ||
| ELC | |b 1 | ||
| LOK | |0 000 xxxxxcx a22 zn 4500 | ||
| LOK | |0 001 3306750905 | ||
| LOK | |0 003 DE-627 | ||
| LOK | |0 004 274850087 | ||
| LOK | |0 005 20151023142032 | ||
| LOK | |0 008 881110||||||||||||||||ger||||||| | ||
| LOK | |0 040 |a DE-21 |c DE-627 |d DE-21 | ||
| LOK | |0 852 |a DE-21 | ||
| LOK | |0 852 1 |c KB 18 A 4243 |9 00 | ||
| LOK | |0 935 |a krim | ||
| LOK | |0 939 |a 10-11-88 |b l01 | ||
| ORI | |a SA-MARC-krimdoka001.raw | ||
| SIG | |a UB: KB 18 A 4243 | ||
